[Event "Vecindario Montalvo Memorial 17th"]
[Site "Vecindario"]
[Date "2025.04.18"]
[Round "7"]
[White "Garcia Rodriguez, Adriana"]
[Black "Garcia Almeida, Valeria"]
[Result "1-0"]
[WhiteElo "1893"]
[BlackElo "1582"]
[PlyCount "83"]
[EventDate "2025.04.12"]
[EventType "swiss"]
[EventRounds "9"]
[EventCountry "ESP"]
[SourceTitle "CB17_2025"]
[SourceDate "2025.04.23"]
[SourceVersion "1"]
[SourceVersionDate "2025.04.23"]
[SourceQuality "1"]

1. e4 c5 2. c3 Nf6 3. e5 Nd5 4. d4 cxd4 5. Nf3 d6 6. cxd4 Nc6 7. Bc4 dxe5 8. dxe5 e6 9. 0-0 Be7 10. Qe2 Qc7 11. Qe4 Nb6 12. Bb3 Bd7 13. Bd2 a5 14. a3 a4 15. Bc2 Na5 16. Bc3 Qc4 17. Nd4 Qd5 18. Qg4 0-0 19. Be4 Qc4 20. Nd2 Qc7 21. Rac1 Nc6 22. Nb5 Qb8 23. Rfe1 Na5 24. Nd4 Qd8 25. Re3 Re8 26. Rg3 g6 27. Bb1 Nd5 28. Ne4 Nc6 29. Nf3 Bf8 30. h4 Bg7 31. Nd6 h5 32. Qe4 Rf8 33. Bd2 Qb8 34. Bh6 f5 35. exf6 Rxf6 36. Rxg6 Kf8 37. Bxg7+ Ke7 38. Bxf6+ Nxf6 39. Rg7+ Kd8 40. Qf4 Ne8 41. Qg5+ Kc7 42. Nb5+ 1-0

[Event "Vecindario rapid op 2nd"]
[Site "Vecindario"]
[Date "2024.11.02"]
[Round "7"]
[White "Garcia Rodriguez, Adriana"]
[Black "Oudeh Mishmesh, Omar"]
[Result "0-1"]
[WhiteElo "1854"]
[BlackElo "2072"]
[PlyCount "88"]
[EventDate "2024.11.01"]
[EventType "swiss"]
[EventRounds "9"]
[EventCountry "ESP"]
[SourceTitle "CB45_2024"]
[Source "ChessBase"]
[SourceDate "2024.11.06"]
[SourceVersion "1"]
[SourceVersionDate "2024.11.06"]
[SourceQuality "1"]

1. e4 c6 2. d4 d5 3. exd5 cxd5 4. c4 Nf6 5. Nc3 e6 6. Nf3 Bb4 7. cxd5 Nxd5 8. Qc2 Nc6 9. Bd3 Be7 10. a3 Bf6 11. Be3 h6 12. Ne4 Be7 13. 0-0 0-0 14. Rac1 f5 15. Nc5 Bf6 16. Bc4 Nce7 17. Nd3 b6 18. Nde5 a6 19. Bd2 Bb7 20. Qd3 Qd6 21. Rfe1 Rfd8 22. Ba2 b5 23. Qe2 Re8 24. Nd3 Nc6 25. Nc5 Bc8 26. Bc3 Kh7 27. Ne5 Bxe5 28. dxe5 Qxc5 29. Bb4 Qb6 30. Bc5 Qb7 31. Qh5 Rd8 32. Bd6 Nd4 33. Bxd5 Qxd5 34. Rc7 Rd7 35. Rc5 Qb7 36. Rd1 Qe4 37. Qe8 Bb7 38. f3 Qe3+ 39. Kh1 Rxe8 40. Rdc1 Nxf3 41. R5c3 Qf2 42. R3c2 Nd2 43. Rg1 Rc8 44. Rxc8 Bxc8 0-1

[Event "Vecindario rapid op 2nd"]
[Site "Vecindario"]
[Date "2024.11.01"]
[Round "5"]
[White "Garcia Rodriguez, Adriana"]
[Black "Marrero Cardenes, Agustin"]
[Result "0-1"]
[WhiteElo "1854"]
[BlackElo "2044"]
[PlyCount "104"]
[EventDate "2024.11.01"]
[EventType "swiss"]
[EventRounds "9"]
[EventCountry "ESP"]
[SourceTitle "CB45_2024"]
[Source "ChessBase"]
[SourceDate "2024.11.06"]
[SourceVersion "1"]
[SourceVersionDate "2024.11.06"]
[SourceQuality "1"]

1. e4 c6 2. d4 d5 3. exd5 cxd5 4. c4 Nf6 5. Nc3 e6 6. Nf3 Bb4 7. Qc2 Nc6 8. cxd5 Nxd5 9. Bd3 h6 10. 0-0 0-0 11. a3 Be7 12. Qe2 Nf6 13. Rd1 a6 14. Bf4 b5 15. Ne4 Nd5 16. Bd2 Bb7 17. Nc3 Nf6 18. Bf4 Rc8 19. Rac1 Na5 20. Ne4 Nxe4 21. Bxe4 Bxe4 22. Qxe4 Qd5 23. Qxd5 exd5 24. Ne5 Nc4 25. Nxc4 Rxc4 26. Rxc4 bxc4 27. Re1 Bf6 28. Be3 Rb8 29. Re2 c3 30. b4 a5 31. Rc2 axb4 32. axb4 Rxb4 33. Rxc3 Bxd4 34. Rc8+ Kh7 35. Kf1 Bxe3 36. fxe3 Rb2 37. Rd8 Rd2 38. h3 Kg6 39. Rd6+ Kf5 40. Rd7 Ke6 41. Rd8 h5 42. Rg8 g6 43. Re8+ Kf5 44. Re7 f6 45. Rd7 g5 46. Rd8 h4 47. Re8 Rc2 48. Rd8 Ke4 49. Re8+ Kd3 50. Re6 Rd2 51. Rxf6 Kxe3 52. Rf5 Rd1# 0-1